Peraturan-peraturan Kastam 2019 (Customs Regulations 2019) (Record no. 4820)

000 -LEADER
fixed length control field nam a22 7a 4500
005 - DATE AND TIME OF LATEST TRANSACTION
control field 20200305153156.0
008 - FIXED-LENGTH DATA ELEMENTS--GENERAL INFORMATION
fixed length control field 200305s2019 my ||||| ||||o00| 0 eng d
020 ## - INTERNATIONAL STANDARD BOOK NUMBER
Terms of availability Sumbangan Kastam Diraja Malaysia
040 ## - CATALOGING SOURCE
Original cataloging agency AKMAL
082 ## - DEWEY DECIMAL CLASSIFICATION NUMBER
Classification number 343.595056 CUS
090 ## - LOCALLY ASSIGNED LC-TYPE CALL NUMBER (OCLC); LOCAL CALL NUMBER (RLIN)
Classification number (OCLC) (R) ; Classification number, CALL (RLIN) (NR) 343.595056
Local cutter number (OCLC) ; Book number/undivided call number, CALL (RLIN) CUS
110 ## - MAIN ENTRY--CORPORATE NAME
Corporate name or jurisdiction name as entry element Kastam Diraja Malaysia
9 (RLIN) 784
245 ## - TITLE STATEMENT
Title Peraturan-peraturan Kastam 2019 (Customs Regulations 2019)
Remainder of title Peraturan-peraturan Kastam (Ketetapan Kastam) (Pindaan) 2019 (Customs (Customs Ruling) (Amendment) Regulations 2019)
Statement of responsibility, etc. Kastam Diraja Malaysia
260 ## - PUBLICATION, DISTRIBUTION, ETC.
Place of publication, distribution, etc. Putrajaya
Name of publisher, distributor, etc. Kastam Diraja Malaysia
Date of publication, distribution, etc. 2019
300 ## - PHYSICAL DESCRIPTION
Extent 17pg
Other physical details illustration
Dimensions 24cm
942 ## - ADDED ENTRY ELEMENTS (KOHA)
Source of classification or shelving scheme
Koha item type Book
Holdings
Withdrawn status Lost status Source of classification or shelving scheme Damaged status Not for loan Collection code Home library Current library Shelving location Date acquired Inventory number Total Checkouts Full call number Barcode Date last seen Date last checked out Price effective from Koha item type
          NON-FICTION AKMAL Melaka AKMAL Melaka PINJAMAN 05.03.2020 011284 1 343.595056 CUS 201707838 07.04.2023 06.04.2023 05.03.2020 Book
          NON-FICTION AKMAL Melaka AKMAL Melaka PINJAMAN 05.03.2020 011285   343.595056 CUS 201707839 05.03.2020   05.03.2020 Book
          NON-FICTION AKMAL Melaka AKMAL Melaka PINJAMAN 05.03.2020 011286 1 343.595056 CUS 201707840 10.04.2023 06.04.2023 05.03.2020 Book
          NON-FICTION AKMAL Melaka AKMAL Melaka PINJAMAN 05.03.2020 011287 1 343.595056 CUS 201707841 14.05.2024 22.04.2024 05.03.2020 Book
          NON-FICTION AKMAL Melaka AKMAL Melaka PINJAMAN 05.03.2020 011288 2 343.595056 CUS 201707842 24.07.2024 17.07.2024 05.03.2020 Book
Pusat Sumber Maklumat Dato' Haji Sarmin Md Hussin, Akademi Kastam Diraja Malaysia, Melaka
Tel: 06-2331106 | Faks: 06-2313787